000 00829nam a22001937a 4500
005 20240513150050.0
010 _aHIN-127537
020 _a9788194390411
_c200.00
035 _aHN-99883
037 _bDBAD
082 _a821
100 _aचंद्रकांता
_966117
245 _aआई ऑब्जेक्ट I Object/
_cचंद्रकांता
260 _aदिल्ली
_bशिल्पायन बुक्स
_c2019
270 _a1617 उल्धनपुर कुए वाली गली (निकट शीतला माता मंदिर) नवीन शाहदरा
_bदिल्ली
_e110032
300 _a155पृ.
_c21 सेमी. (आजिल्द)
650 _aहिन्दी
_966118
942 _2ddc
_cHN
_h821
_mचंद्रकां
999 _c202409
_d202409